00713nam a2200229Ia 450000100060000000300090000600800410001504000130005604000130006904100130008210000200009510000290011524500730014424500650021725000110028226000110029326000160030426000490032030000590036965000240042865000310045248005IT-RoPAU130308s9999 xx 000 0 und d aIT-RoPAU cIT-RoPAU aITALIANO aRedlich Hans F. gCodice Aut. SPICS: 18488 aMusica sacra su testo latino nel continente (La)-La scuola veneziana bStoria della Musica-04/I-L'Eta' del Rinascimento (1540-1630) a4a ed. aMILANO bFeltrinelli c1980 [1° Ed.:1969 - Ed.Ling.Originale:1968] a"26 p. (prefazione: no ; testo: 26 [pagine: 294-319])" aSTORIA DELLA MUSICA eCodice materia Spics: 7008